[Event "286th YMCA Spring A"]
[Site "Warsaw"]
[Date "2024.04.23"]
[Round "4"]
[White "Chalupnik, Marcin"]
[Black "Rudolf, Michal"]
[Result "0-1"]
[WhiteElo "2056"]
[BlackElo "2268"]
[PlyCount "100"]
[EventDate "2024.04.10"]
[EventType "tourn"]
[EventRounds "1"]
[EventCountry "POL"]
[SourceDate "2024.04.10"]

1. a3 d5 2. Nf3 Nf6 3. c4 e6 4. e3 Be7 5. Be2 O-O 6. O-O b6 7. b3 Bb7 8. Bb2 c5
9. d3 Nc6 10. Nbd2 Rc8 11. Rc1 Qc7 12. Qc2 Rfd8 13. Rfe1 Qb8 14. Bf1 Na5 15.
Ne5 Bd6 16. Ndf3 dxc4 17. bxc4 Nc6 18. d4 Nxe5 19. Nxe5 Be4 20. Qc3 Bxe5 21.
dxe5 Ne8 22. f3 Bc6 23. Bd3 Ba4 24. f4 Qb7 25. Re2 Rd7 26. Rf1 Rcd8 27. Bb1 Qc6
28. Ref2 Rd1 29. f5 Nc7 30. f6 g6 31. h4 Qd7 32. Be4 Rxf1+ 33. Rxf1 Qd2 34.
Qxd2 Rxd2 35. Rf2 Rd8 36. Kf1 Bb3 37. Ke1 Bxc4 38. Rd2 Rxd2 39. Kxd2 Bd5 40.
Bxd5 Nxd5 41. Kd3 Kf8 42. Bc1 Ke8 43. e4 Nc7 44. Ke3 h5 45. g4 hxg4 46. Kf4 Nb5
47. Kxg4 Nd4 48. Bb2 Kd7 49. h5 gxh5+ 50. Kxh5 Ne2 0-1

[Event "286th YMCA Spring A"]
[Site "Warsaw"]
[Date "2024.05.29"]
[Round "4"]
[White "Borowy, Cezary"]
[Black "Choroszej, Aleksander"]
[Result "1-0"]
[WhiteElo "2006"]
[BlackElo "1962"]
[PlyCount "80"]
[EventDate "2024.04.10"]
[EventType "tourn"]
[EventRounds "1"]
[EventCountry "POL"]
[SourceDate "2024.04.10"]

1. d4 g6 2. Bf4 Bg7 3. e3 Nf6 4. Nf3 O-O 5. Be2 c5 6. c3 cxd4 7. exd4 d6 8. O-O
h6 9. Nbd2 Nc6 10. Re1 e5 11. dxe5 Nh5 12. Be3 dxe5 13. Bc5 Re8 14. Bc4 Be6 15.
Bb5 Qc7 16. Qa4 Bd7 17. Qa3 Nf4 18. Nc4 a6 19. Nb6 Rad8 20. Bf1 Bg4 21. Re3 Ne6
22. h3 Nxc5 23. Qxc5 Bxf3 24. Rxf3 e4 25. Rg3 Be5 26. Rg4 h5 27. Rg5 f6 28. Nd5
Qg7 29. Rxe5 Nxe5 30. Re1 Nd3 31. Bxd3 exd3 32. Rd1 Kh8 33. Rxd3 Rc8 34. Qd4 f5
35. Qf4 Rcd8 36. c4 Kh7 37. Qg5 Re1+ 38. Kh2 Rf8 39. b3 Qa1 40. Nf4 Qg7 $138
1-0

[Event "286th YMCA Spring A"]
[Site "Warsaw"]
[Date "2024.05.22"]
[Round "5"]
[White "Choroszej, Aleksander"]
[Black "Slomczewski, Michal"]
[Result "1-0"]
[WhiteElo "1962"]
[BlackElo "2106"]
[PlyCount "115"]
[EventDate "2024.04.10"]
[EventType "tourn"]
[EventRounds "1"]
[EventCountry "POL"]
[SourceDate "2024.04.10"]

1. d4 Nf6 2. c4 e6 3. Nc3 Bb4 4. f3 d5 5. a3 Bxc3+ 6. bxc3 c5 7. cxd5 Nxd5 8.
dxc5 O-O 9. e4 Ne7 10. Qxd8 Rxd8 11. Be3 Nbc6 12. f4 Na5 13. Rb1 Bd7 14. Bb5
Bxb5 15. Rxb5 Nec6 16. Ke2 a6 17. Rb1 e5 18. fxe5 Nxe5 19. Nf3 Nec4 20. a4 Re8
21. Kd3 f5 22. e5 Rad8+ 23. Bd4 Nxe5+ 24. Nxe5 Rxe5 25. Rhe1 Rxe1 26. Rxe1 Kf7
27. h3 Nc6 28. Kc4 Rd7 29. Re2 g5 30. Rf2 Kg6 31. Re2 g4 32. Re6+ Kg5 33. Be5
gxh3 34. gxh3 f4 35. Bd6 Rf7 36. Re1 f3 37. Bg3 Rf5 38. Rf1 Ne7 39. Kd4 Rd5+
40. Kc4 Rf5 41. Kd4 Nd5 42. c4 Nf6 43. Bf2 Rf4+ 44. Kd3 Rf5 45. Rb1 Re5 46.
Rxb7 Re2 47. Be3+ Kf5 48. c6 Ke6 49. Rg7 Ne8 50. c7 Nd6 51. Rxh7 Rh2 52. Rh6+
Kd7 53. Rxd6+ Kxc7 54. Rf6 Rxh3 55. Ke4 Rh4+ 56. Rf4 Rh5 57. Kxf3 Ra5 58. c5
1-0

[Event "286th YMCA Spring A"]
[Site "Warsaw"]
[Date "2024.05.10"]
[Round "5"]
[White "Rudolf, Michal"]
[Black "Borowy, Cezary"]
[Result "1-0"]
[WhiteElo "2268"]
[BlackElo "2006"]
[PlyCount "69"]
[EventDate "2024.04.10"]
[EventType "tourn"]
[EventRounds "1"]
[EventCountry "POL"]
[SourceDate "2024.04.10"]

1. e4 c5 2. Nf3 Nc6 3. d4 cxd4 4. Nxd4 Nf6 5. Nc3 e5 6. Ndb5 d6 7. Nd5 Nxd5 8.
exd5 Nb8 9. a4 Be7 10. Be2 O-O 11. O-O a6 12. Na3 f5 13. Nc4 Nd7 14. a5 f4 15.
f3 Rf6 16. Rf2 Rh6 17. g3 fxg3 18. hxg3 Bg5 19. Rh2 Bxc1 20. Qxc1 Rg6 21. Kg2
Nf6 22. Bd3 e4 23. Bxe4 Nxe4 24. fxe4 Qe7 25. Qe3 Rg4 26. e5 dxe5 27. Nxe5 Rb4
28. Rxh7 Bf5 29. Rh8+ Kxh8 30. Ng6+ Bxg6 31. Qxe7 Re4 32. Rh1+ Kg8 33. Qg5 Bf7
34. Rf1 Rae8 35. Qf5 1-0

[Event "286th YMCA Spring A"]
[Site "Warsaw"]
[Date "2024.05.07"]
[Round "5"]
[White "Polak, Michal"]
[Black "Chalupnik, Marcin"]
[Result "1-0"]
[WhiteElo "1952"]
[BlackElo "2056"]
[PlyCount "39"]
[EventDate "2024.04.10"]
[EventType "tourn"]
[EventRounds "1"]
[EventCountry "POL"]
[SourceDate "2024.04.10"]

1. e4 c5 2. Nf3 e6 3. d4 cxd4 4. Nxd4 Nf6 5. Nc3 Bb4 6. e5 Nd5 7. Bd2 Nxc3 8.
bxc3 Bf8 9. Bd3 Na6 10. O-O Nc5 11. f4 g6 12. Qf3 Rb8 13. f5 gxf5 14. Bxf5 exf5
15. Qxf5 Qb6 16. Qxf7+ Kd8 17. Bg5+ Kc7 18. Rab1 Qg6 19. Nb5+ Kc6 20. Rf6+ 1-0

[Event "286th YMCA Spring A"]
[Site "Warsaw"]
[Date "2024.05.07"]
[Round "5"]
[White "Warszawski, Bartosz"]
[Black "Lewandrowski, Tomasz"]
[Result "0-1"]
[WhiteElo "2118"]
[BlackElo "1919"]
[PlyCount "66"]
[EventDate "2024.04.10"]
[EventType "tourn"]
[EventRounds "1"]
[EventCountry "POL"]
[SourceDate "2024.04.10"]

1. e4 c5 2. Nf3 Nc6 3. d4 cxd4 4. Nxd4 e5 5. Nb5 d6 6. N1c3 a6 7. Na3 Be7 8.
Nc4 b5 9. Ne3 Nf6 10. g3 Be6 11. Bg2 Rc8 12. Ncd5 Bxd5 13. exd5 Nb8 14. O-O O-O
15. a4 Qd7 16. b3 Bd8 17. a5 Bc7 18. Qf3 Qd8 19. b4 Nbd7 20. Bh3 Bb8 21. Bb2
Ba7 22. Rac1 Bxe3 23. fxe3 Rc4 24. Rfd1 Qc7 25. Ba3 e4 26. Qf4 Ne5 27. Bg2 Qb7
28. Rd4 Rxd4 29. exd4 Nc4 30. Ra1 Qxd5 31. c3 Qe6 32. Bc1 Re8 33. Bd2 Nd5 0-1

[Event "286th YMCA Spring A"]
[Site "Warsaw"]
[Date "2024.05.10"]
[Round "5"]
[White "Basiaga, Sebastian"]
[Black "Golecki, Jan"]
[Result "1-0"]
[WhiteElo "1917"]
[BlackElo "2166"]
[PlyCount "79"]
[EventDate "2024.04.10"]
[EventType "tourn"]
[EventRounds "1"]
[EventCountry "POL"]
[SourceDate "2024.04.10"]

1. b3 d5 2. Bb2 Nf6 3. e3 Bf5 4. f4 c5 5. Nf3 Nc6 6. Bb5 e6 7. Ne5 Qb6 8. a4 a6
9. Bxc6+ bxc6 10. a5 Qb7 11. Ra2 h5 12. O-O Rd8 13. d3 Ng4 14. Qe2 Nxe5 15.
Bxe5 f6 16. Bb2 Qa7 17. Nd2 Be7 18. h3 Rh6 19. Kh1 g5 20. fxg5 fxg5 21. e4 Bg4
22. Qe3 Kd7 23. Raa1 Qc7 24. Kg1 d4 25. Qe1 Rf8 26. Rxf8 Bxf8 27. hxg4 hxg4 28.
e5 Bg7 29. Nc4 Qb8 30. Qf2 Qe8 31. Rf1 Ke7 32. Qg3 Qh8 33. Kf2 Rh1 34. Rxh1
Qxh1 35. Qxg4 Bh6 36. Ba3 Kf7 37. Qf3+ Kg6 38. Nd6 Bg7 39. Qe4+ Kh5 40. g4+ 1-0

[Event "286th YMCA Spring A"]
[Site "Warsaw"]
[Date "2024.05.07"]
[Round "5"]
[White "Kowalski, Witold"]
[Black "Flis, Piotr"]
[Result "1-0"]
[WhiteElo "1925"]
[BlackElo "1891"]
[PlyCount "49"]
[EventDate "2024.04.10"]
[EventType "tourn"]
[EventRounds "1"]
[EventCountry "POL"]
[SourceDate "2024.04.10"]

1. e4 c6 2. d4 d5 3. e5 c5 4. dxc5 e6 5. a3 Bxc5 6. b4 Be7 7. Nf3 a5 8. b5 Nd7
9. Bd3 a4 10. Qe2 Nc5 11. Nbd2 Nh6 12. Nf1 Nxd3+ 13. Qxd3 Nf5 14. Ng3 Nh4 15.
Nxh4 Bxh4 16. O-O Bd7 17. c4 dxc4 18. Qxc4 Bxg3 $11 19. hxg3 Qa5 20. Rb1 O-O
21. Rd1 Rfc8 22. Qg4 Rxc1 23. Rdxc1 Bxb5 24. Rc5 h5 25. Qf4 1-0

[Event "286th YMCA Spring A"]
[Site "Warsaw"]
[Date "2024.05.17"]
[Round "6"]
[White "Slomczewski, Michal"]
[Black "Flis, Piotr"]
[Result "1-0"]
[WhiteElo "2106"]
[BlackElo "1891"]
[PlyCount "69"]
[EventDate "2024.04.10"]
[EventType "tourn"]
[EventRounds "1"]
[EventCountry "POL"]
[SourceDate "2024.04.10"]

1. e4 e5 2. Nf3 Nc6 3. d4 exd4 4. Nxd4 Bc5 5. Nb3 Bb6 6. Nc3 Qf6 7. f4 Nge7 8.
Bd2 d6 9. Qf3 Bd7 10. O-O-O O-O-O 11. h3 Rde8 12. Re1 Nd4 13. Nxd4 Bxd4 14. Bd3
h5 15. Rhf1 Bc6 16. g4 hxg4 17. hxg4 Qe6 18. Kb1 Rh4 19. Ne2 Bb6 20. f5 Qd7 21.
Nf4 Rh7 22. c3 Kb8 23. Nh5 Reh8 24. f6 g6 25. fxe7 gxh5 26. gxh5 Rxh5 27. Qxf7
Qe8 28. e5 Rxe5 29. Rxe5 dxe5 30. Qxe8+ Rxe8 31. Bg6 Kc8 32. Rf8 Kd7 33. Rxe8
Be4+ 34. Bxe4 Kxe8 35. Bg5 1-0

[Event "286th YMCA Spring A"]
[Site "Warsaw"]
[Date "2024.05.23"]
[Round "6"]
[White "Golecki, Jan"]
[Black "Kowalski, Witold"]
[Result "1-0"]
[WhiteElo "2166"]
[BlackElo "1925"]
[PlyCount "99"]
[EventDate "2024.04.10"]
[EventType "tourn"]
[EventRounds "1"]
[EventCountry "POL"]
[SourceDate "2024.04.10"]

1. e4 c5 2. Nf3 e6 3. d4 cxd4 4. Nxd4 Nc6 5. Nc3 Qc7 6. Be3 a6 7. Qf3 b5 8. Qg3
Qxg3 9. hxg3 Bb7 10. O-O-O d6 11. a3 Nf6 12. Be2 Be7 13. f4 Rc8 14. Bf3 Na5 15.
Rd3 O-O 16. g4 Rfd8 17. Ndxb5 axb5 18. Bb6 Nc4 19. Bxd8 Rxd8 20. e5 Nd5 21.
Nxd5 exd5 22. Bxd5 Bxd5 23. Rxd5 Rb8 24. b3 Ne3 25. Rd3 Nxg4 26. exd6 Bd8 27.
Re1 Kf8 28. d7 Be7 29. Kb2 Nf6 30. c3 Rd8 31. Re5 Rb8 32. Rde3 Bd6 33. Rxb5
Nxd7 34. Rxb8+ Bxb8 35. Re4 f5 36. Rd4 Ke7 37. a4 h6 38. a5 g5 39. a6 gxf4 40.
Rb4 Ba7 41. Rb7 Be3 42. Kc2 h5 43. a7 Bxa7 44. Rxa7 h4 45. Ra4 h3 46. gxh3 f3
47. Kd3 Nc5+ 48. Ke3 Nxa4 49. bxa4 f4+ 50. Kxf3 1-0

[Event "286th YMCA Spring A"]
[Site "Warsaw"]
[Date "2024.05.17"]
[Round "6"]
[White "Lewandrowski, Tomasz"]
[Black "Basiaga, Sebastian"]
[Result "1-0"]
[WhiteElo "1919"]
[BlackElo "1917"]
[PlyCount "75"]
[EventDate "2024.04.10"]
[EventType "tourn"]
[EventRounds "1"]
[EventCountry "POL"]
[SourceDate "2024.04.10"]

1. d4 d5 2. Nc3 Nf6 3. Bf4 Bf5 4. e3 e6 5. Nb5 Bb4+ 6. c3 Ba5 7. a4 a6 8. b4
axb5 9. axb5 b6 10. bxa5 bxa5 11. f3 Nbd7 12. g4 Bg6 13. h4 h6 14. Ne2 Nb6 15.
Kf2 Nfd7 16. Bg3 Bh7 17. Nc1 O-O 18. Nb3 a4 19. Nc1 f5 20. g5 hxg5 21. hxg5
Qxg5 22. Bd3 Qe7 23. Qg1 Nf6 24. Ne2 Ne4+ 25. fxe4 fxe4+ 26. Nf4 exd3 27. Rxh7
Kxh7 28. Qh2+ Kg8 29. Rh1 Qa3 30. Qh7+ Kf7 31. Qg6+ Kg8 32. Rh7 Rf7 33. Qh5
Qb2+ 34. Kg1 Qc1+ 35. Kh2 Qd2+ 36. Kh3 Kf8 37. Ng6+ Ke8 38. Ne5 1-0

[Event "286th YMCA Spring A"]
[Site "Warsaw"]
[Date "2024.05.14"]
[Round "6"]
[White "Chalupnik, Marcin"]
[Black "Warszawski, Bartosz"]
[Result "1/2-1/2"]
[WhiteElo "2056"]
[BlackElo "2118"]
[PlyCount "100"]
[EventDate "2024.04.10"]
[EventType "tourn"]
[EventRounds "1"]
[EventCountry "POL"]
[SourceDate "2024.04.10"]

1. e4 c5 2. Nf3 Nc6 3. d4 cxd4 4. Nxd4 g6 5. c4 Bg7 6. Nc2 Nf6 7. Nc3 O-O 8.
Be2 d6 9. O-O Be6 10. Be3 Rc8 11. Rc1 a6 12. f3 Na5 13. b3 Ng4 14. Bd4 Bxd4+
15. Qxd4 Nc6 16. Qd2 Qb6+ 17. Kh1 Nf2+ 18. Rxf2 Qxf2 19. Ne3 Qh4 20. Rf1 Qh6
21. f4 f5 22. exf5 gxf5 23. Ncd5 Rf7 24. Bd3 Qg7 25. Qf2 Nd4 26. Bb1 b5 27. Rd1
bxc4 28. bxc4 Rb8 29. Qd2 Bxd5 30. cxd5 Rff8 31. Bd3 a5 32. h3 a4 33. Bc4 Nb5
34. Bd3 Nc3 35. Nxf5 Rxf5 36. Bxf5 Nxd1 37. Qxd1 Rb2 38. Be6+ Kh8 39. Bg4 Rxa2
40. Qd3 Qa1+ 41. Kh2 Qf6 42. Qc4 Rf2 43. Bf3 a3 44. Qc8+ Kg7 45. Qg4+ Qg6 46.
Qh4 Rxf3 47. Qxe7+ Qf7 48. Qg5+ Qg6 49. Qe7+ Qf7 50. Qg5+ Qg6 1/2-1/2

[Event "286th YMCA Spring A"]
[Site "Warsaw"]
[Date "2024.05.14"]
[Round "6"]
[White "Borowy, Cezary"]
[Black "Polak, Michal"]
[Result "0-1"]
[WhiteElo "2006"]
[BlackElo "1952"]
[PlyCount "82"]
[EventDate "2024.04.10"]
[EventType "tourn"]
[EventRounds "1"]
[EventCountry "POL"]
[SourceDate "2024.04.10"]

1. e4 e5 2. Nf3 Nc6 3. Nc3 Nf6 4. g3 d5 5. exd5 Nxd5 6. Bg2 Nxc3 7. bxc3 Bc5 8.
O-O O-O 9. d3 Bb6 10. Re1 Qf6 11. Qe2 h6 12. Be3 Re8 13. Nd2 Ba5 14. Rab1 Qg6
15. Rb3 f5 16. Nc4 e4 17. Ra3 exd3 18. cxd3 Bb6 19. Nxb6 cxb6 20. d4 f4 21.
gxf4 Bg4 22. Qc4+ Kh8 23. Kh1 Qd6 24. Rb3 Na5 25. Qb4 Qxf4 26. h3 Rxe3 27. fxe3
Qg3 28. Rbb1 Bxh3 29. Bxh3 Qxh3+ 30. Kg1 Qg3+ 31. Kh1 Re8 32. e4 Qf3+ 33. Kh2
Qf2+ 34. Kh1 Qf3+ 35. Kh2 Re6 36. Rf1 Qe2+ 37. Kh1 Qxe4+ 38. Kh2 Qh4+ 39. Kg2
Re2+ 40. Kf3 Qe4+ 41. Kg3 Rg2+ 0-1

[Event "286th YMCA Spring A"]
[Site "Warsaw"]
[Date "2024.05.17"]
[Round "6"]
[White "Choroszej, Aleksander"]
[Black "Rudolf, Michal"]
[Result "0-1"]
[WhiteElo "1962"]
[BlackElo "2268"]
[PlyCount "40"]
[EventDate "2024.04.10"]
[EventType "tourn"]
[EventRounds "1"]
[EventCountry "POL"]
[SourceDate "2024.04.10"]

1. d4 Nf6 2. c4 g6 3. Nc3 d5 4. cxd5 Nxd5 5. e4 Nxc3 6. bxc3 Bg7 7. Nf3 c5 8.
Rb1 O-O 9. Be2 Nc6 10. d5 Ne5 11. Nxe5 Bxe5 12. Qd2 e6 13. f4 Bg7 14. d6 e5 15.
O-O exf4 16. Qxf4 Qa5 17. Bg4 Bxg4 18. Qxg4 Qxc3 19. Bb2 Qe3+ 20. Rf2 Bxb2 0-1

[Event "286th YMCA Spring A"]
[Site "Warsaw"]
[Date "2024.05.15"]
[Round "7"]
[White "Rudolf, Michal"]
[Black "Slomczewski, Michal"]
[Result "1-0"]
[WhiteElo "2268"]
[BlackElo "2106"]
[PlyCount "71"]
[EventDate "2024.04.10"]
[EventType "tourn"]
[EventRounds "1"]
[EventCountry "POL"]
[SourceDate "2024.04.10"]

1. d4 Nf6 2. Bf4 c5 3. d5 d6 4. Nc3 e5 5. dxe6 fxe6 6. e4 e5 7. Bg5 Be6 8. Nf3
Be7 9. Nd2 Ng4 10. Bc4 Nxf2 11. Kxf2 Bxg5 12. Bxe6 Bxd2 13. Qxd2 Qf6+ 14. Bf5
g6 15. Nb5 O-O 16. Nc7 gxf5 17. Nxa8 fxe4+ 18. Kg1 Nc6 19. Nc7 Nd4 20. h4 Kh8
21. Nd5 Nf3+ 22. Kf2 Qf7 23. Qh6 Nd4+ 24. Kg1 Nf3+ 25. gxf3 Qxf3 26. Rh2 Rg8+
27. Qg5 Rxg5+ 28. hxg5 e3 29. Nf6 Kg7 30. Rf1 Qc6 31. Rxh7+ Kg6 32. Rh6+ Kxg5
33. Rh2 Kg6 34. Ng8 Qa4 35. Rf6+ Kg7 36. Rg2+ 1-0

[Event "286th YMCA Spring A"]
[Site "Warsaw"]
[Date "2024.06.20"]
[Round "7"]
[White "Polak, Michal"]
[Black "Choroszej, Aleksander"]
[Result "0-1"]
[WhiteElo "1952"]
[BlackElo "1962"]
[PlyCount "130"]
[EventDate "2024.04.10"]
[EventType "tourn"]
[EventRounds "1"]
[EventCountry "POL"]
[SourceDate "2024.04.10"]

1. e4 g6 2. d4 Bg7 3. Nf3 d6 4. c3 Nf6 5. Bd3 O-O 6. O-O Nc6 7. h3 e5 8. Re1 h6
9. a4 Nh5 10. Bf1 Qf6 11. d5 Ne7 12. Na3 Bd7 13. Nb5 Rfc8 14. c4 a6 15. Nc3 Nf4
16. Nh2 g5 17. Ng4 Qg6 18. g3 h5 19. gxf4 gxf4 20. Be2 hxg4 21. Bxg4 Bf6 22.
Qf3 Kg7 23. Kf1 Bxg4 24. hxg4 Rh8 25. Ke2 Rh4 26. Bd2 Rah8 27. Rh1 Rxh1 28.
Rxh1 Rxh1 29. Qxh1 Qxg4+ 30. f3 Qh4 31. Qxh4 Bxh4 32. b4 f5 33. a5 Kf7 34. b5
fxe4 35. fxe4 Ke8 36. bxa6 bxa6 37. Na2 c5 38. dxc6 Nxc6 39. Nb4 Nxa5 40. c5
dxc5 41. Nxa6 Nb3 42. Bc3 Nd4+ 43. Bxd4 cxd4 44. Nb4 Kd7 45. Nd3 Kd6 46. Kf3
Bd8 47. Kg4 Bc7 48. Kf3 Kc6 49. Ke2 Kb5 50. Nb2 Kb4 51. Kd3 f3 52. Kd2 Kb3 53.
Nd3 Bd6 54. Nf2 Bb4+ 55. Kd1 Kc3 56. Ng4 Kd3 57. Nxe5+ Kxe4 58. Ng4 d3 59. Nf2+
Kd4 60. Ng4 Be7 61. Nh2 f2 62. Nf1 Bg5 63. Ng3 Bf4 64. Nf5+ Ke4 65. Ne3 Kxe3
0-1

[Event "286th YMCA Spring A"]
[Site "Warsaw"]
[Date "2024.05.21"]
[Round "7"]
[White "Warszawski, Bartosz"]
[Black "Borowy, Cezary"]
[Result "1/2-1/2"]
[WhiteElo "2118"]
[BlackElo "2006"]
[PlyCount "39"]
[EventDate "2024.04.10"]
[EventType "tourn"]
[EventRounds "1"]
[EventCountry "POL"]
[SourceDate "2024.04.10"]

1. e4 c5 2. Nf3 Nc6 3. Nc3 g6 4. d4 cxd4 5. Nxd4 Bg7 6. Be3 Nf6 7. Bc4 O-O 8.
Bb3 a5 9. a4 Ng4 10. Nxc6 Nxe3 11. Nxd8 Nxd1 12. Nd5 Rxd8 13. Rxd1 e6 14. Nb6
Rb8 15. c3 Be5 16. Ke2 Bc7 17. Nxc8 Rbxc8 18. h4 Kf8 19. g3 Ke7 20. f4 1/2-1/2

[Event "286th YMCA Spring A"]
[Site "Warsaw"]
[Date "2024.05.29"]
[Round "7"]
[White "Basiaga, Sebastian"]
[Black "Chalupnik, Marcin"]
[Result "1/2-1/2"]
[WhiteElo "1917"]
[BlackElo "2056"]
[PlyCount "84"]
[EventDate "2024.04.10"]
[EventType "tourn"]
[EventRounds "1"]
[EventCountry "POL"]
[SourceDate "2024.04.10"]

1. b3 e5 2. Bb2 Nc6 3. e3 Nf6 4. Bb5 d6 5. Ne2 a6 6. Bxc6+ bxc6 7. O-O Be7 8.
c4 O-O 9. d3 Re8 10. Nd2 Bf8 11. Qc2 Bg4 12. Ng3 h5 13. h3 h4 14. Nge4 Nxe4 15.
Nxe4 Bh5 16. Nc3 f5 17. f4 e4 18. dxe4 fxe4 19. Nxe4 Qe7 20. Ng5 Qxe3+ 21. Kh1
g6 $11 22. Rf3 Qe7 23. Rf2 Bg7 24. Raf1 Rf8 25. Bxg7 Kxg7 26. Qc3+ Qf6 27. Ne6+
Kg8 28. Qxf6 Rxf6 29. Nd4 c5 30. Nc2 Re8 31. Kg1 Re4 32. Kh2 Kf7 33. g4 hxg3+
34. Kxg3 Ke6 35. Re1 Kf5 36. Ne3+ Ke6 37. Nc2 Rxe1 38. Nxe1 Kf5 39. Rd2 Ke4 40.
Ng2 Rf7 41. Rf2 Kd4 42. Kh4 Ke4 1/2-1/2

[Event "286th YMCA Spring A"]
[Site "Warsaw"]
[Date "2024.05.09"]
[Round "7"]
[White "Kowalski, Witold"]
[Black "Lewandrowski, Tomasz"]
[Result "1-0"]
[WhiteElo "1925"]
[BlackElo "1919"]
[PlyCount "79"]
[EventDate "2024.04.10"]
[EventType "tourn"]
[EventRounds "1"]
[EventCountry "POL"]
[SourceDate "2024.04.10"]

1. d4 Nf6 2. c4 e6 3. Nc3 Bb4 4. Qc2 h6 5. e3 c5 6. Nf3 b6 7. a3 cxd4 8. exd4
Be7 9. Be2 Bb7 10. O-O O-O 11. Rd1 d5 12. Ne5 dxc4 13. Bxc4 Nd5 14. Qb3 Bf6 15.
Bxd5 exd5 16. Bf4 Na6 17. Rac1 Nc7 18. Bg3 Ne6 19. f4 Rc8 20. Qc2 Re8 21. Qe2
a6 22. Qh5 Re7 23. Kh1 b5 24. Rc2 a5 25. Re2 Qb6 26. Ng4 Rd7 27. Nxf6+ gxf6 28.
Qxh6 Nxd4 29. Re5 fxe5 30. Qxb6 b4 31. axb4 axb4 32. fxe5 Nc2 33. e6 Re7 34.
exf7+ Rxf7 35. Qg6+ Rg7 36. Qe6+ Rf7 37. Nxd5 Rc5 38. Ne7+ Kf8 39. Rd8+ Kg7 40.
Qg6# 1-0

[Event "286th YMCA Spring A"]
[Site "Warsaw"]
[Date "2024.05.24"]
[Round "7"]
[White "Flis, Piotr"]
[Black "Golecki, Jan"]
[Result "0-1"]
[WhiteElo "1891"]
[BlackElo "2166"]
[PlyCount "100"]
[EventDate "2024.04.10"]
[EventType "tourn"]
[EventRounds "1"]
[EventCountry "POL"]
[SourceDate "2024.04.10"]

1. c4 Nf6 2. Nf3 e6 3. Nc3 d5 4. e3 c5 5. cxd5 exd5 6. d4 Nc6 7. Bb5 a6 8.
Bxc6+ bxc6 9. O-O Bg4 10. Qa4 Qc7 11. Ne5 Bd7 12. h3 Bd6 13. Nxd7 Qxd7 14. dxc5
Bxc5 15. b3 O-O 16. Bb2 Rfe8 17. Rfd1 Bd6 18. Rac1 Qe6 19. Ne2 $11 Ne4 20. Qd4
f6 21. Nc3 Bc5 22. Qd3 Nxf2 23. Kxf2 Bxe3+ 24. Kf1 Qd6 25. Nxd5 cxd5 26. Qxd5+
Qxd5 27. Rxd5 Bxc1 28. Bxc1 Rad8 29. Rc5 Rc8 30. Be3 Rxc5 31. Bxc5 Kf7 32. a4
Ke6 33. g4 Kd5 34. Bb6 Rc8 35. Kg2 Rc2+ 36. Kg3 Rc3+ 37. Kg2 Rxb3 38. Bd8 Ke4
39. Be7 Rb7 40. Bf8 a5 41. Kg3 g6 42. Bd6 Rb3+ 43. Kg2 Rb2+ 44. Kg3 Ra2 45. Be7
f5 46. Kh4 f4 47. g5 f3 48. Bc5 f2 49. Bxf2 Kf3 50. Bd4 Rc2 0-1

[Event "286th YMCA Spring A"]
[Site "Warsaw"]
[Date "2024.06.06"]
[Round "8"]
[White "Slomczewski, Michal"]
[Black "Golecki, Jan"]
[Result "0-1"]
[WhiteElo "2106"]
[BlackElo "2166"]
[PlyCount "76"]
[EventDate "2024.04.10"]
[EventType "tourn"]
[EventRounds "1"]
[EventCountry "POL"]
[SourceDate "2024.04.10"]

1. e4 d6 2. d4 Nf6 3. Nc3 Nbd7 4. Nf3 e5 5. Bc4 Be7 6. O-O c6 7. a4 a5 8. h3
Qc7 9. Qe2 h6 10. d5 Nf8 11. Ne1 g5 12. Nd3 Ng6 13. dxc6 bxc6 14. Rb1 Rg8 15.
b4 axb4 16. Nxb4 Bd7 17. Na6 Qc8 18. g4 Nf4 19. Bxf4 gxf4 20. f3 h5 21. Rf2
hxg4 22. hxg4 d5 23. exd5 Nxg4 24. Rg2 cxd5 25. fxg4 dxc4 26. Qxe5 Qxa6 27. Nd5
Qd6 28. Nc7+ Kf8 29. Qxd6 Bxd6 30. Nxa8 f3 31. Rd2 Rxg4+ 32. Kf1 Bc5 33. Rf2
Rg3 34. Nb6 Bh3+ 35. Ke1 Rg1+ 36. Kd2 Bxf2 37. Rxg1 Bxg1 38. Nxc4 f2 0-1

[Event "286th YMCA Spring A"]
[Site "Warsaw"]
[Date "2024.06.05"]
[Round "8"]
[White "Lewandrowski, Tomasz"]
[Black "Flis, Piotr"]
[Result "0-1"]
[WhiteElo "1919"]
[BlackElo "1891"]
[PlyCount "44"]
[EventDate "2024.04.10"]
[EventType "tourn"]
[EventRounds "1"]
[EventCountry "POL"]
[SourceDate "2024.04.10"]

1. d4 d5 2. Nc3 Nf6 3. Bf4 c5 4. e4 Nxe4 5. Nxe4 dxe4 6. dxc5 Nd7 7. Qd4 e5 8.
Bxe5 Bxc5 9. Qc3 Qe7 10. Bxg7 Bb4 11. Bxh8 f6 12. Bxf6 Nxf6 13. Bb5+ Bd7 14.
Bxd7+ Nxd7 15. Ne2 Bxc3+ 16. Nxc3 O-O-O 17. O-O Nf6 18. Rfe1 Rd2 19. Re2 Rxe2
20. Nxe2 Qe5 21. Nc3 Ng4 22. g3 Qd4 0-1

[Event "286th YMCA Spring A"]
[Site "Warsaw"]
[Date "2024.06.20"]
[Round "8"]
[White "Chalupnik, Marcin"]
[Black "Kowalski, Witold"]
[Result "1-0"]
[WhiteElo "2056"]
[BlackElo "1925"]
[PlyCount "77"]
[EventDate "2024.04.10"]
[EventType "tourn"]
[EventRounds "1"]
[EventCountry "POL"]
[SourceDate "2024.04.10"]

1. e4 c5 2. Nf3 Nc6 3. d4 cxd4 4. Nxd4 g6 5. c4 Nf6 6. Nc3 Nxd4 7. Qxd4 d6 8.
Bg5 Bg7 9. Qd2 O-O 10. Be2 a5 11. O-O a4 12. Rac1 Qa5 13. Rfd1 Be6 14. f3 Rfc8
15. Nd5 Qxd2 16. Rxd2 Bxd5 17. exd5 Kf8 18. Bf1 b5 19. c5 Nd7 20. c6 Rab8 21.
Re1 Nf6 22. g3 e6 23. dxe6 Rxc6 24. Bf4 Rbb6 25. Bh3 d5 26. e7+ Ke8 27. Rxd5
Re6 28. Bxe6 fxe6 29. Rd6 Rxd6 30. Bxd6 Kf7 31. Rc1 Nd5 32. Rc8 Nxe7 33. Rc7
Bf6 34. Rb7 Ke8 35. Bxe7 Bxe7 36. Rxb5 Kd7 37. Ra5 a3 38. bxa3 Kc6 39. Kf1 1-0

[Event "286th YMCA Spring A"]
[Site "Warsaw"]
[Date "2024.05.28"]
[Round "8"]
[White "Borowy, Cezary"]
[Black "Basiaga, Sebastian"]
[Result "0-1"]
[WhiteElo "2006"]
[BlackElo "1917"]
[PlyCount "92"]
[EventDate "2024.04.10"]
[EventType "tourn"]
[EventRounds "1"]
[EventCountry "POL"]
[SourceDate "2024.04.10"]

1. d4 Nf6 2. Bf4 d6 3. Nf3 g6 4. e3 Bg7 5. Be2 Nbd7 6. h3 O-O 7. c4 c5 8. Nc3
cxd4 9. exd4 b6 10. O-O Bb7 11. Qd2 d5 12. Ne5 dxc4 13. Bxc4 Nh5 14. Rfd1 Rc8
15. Bb3 a6 16. Bh6 Nxe5 17. dxe5 Qxd2 18. Bxd2 Bxe5 19. Be3 b5 20. Nd5 Bxd5 21.
Rxd5 Bd6 22. Rad1 Nf6 23. R5d3 Be5 24. R3d2 Ne4 25. Re2 Nc5 26. Bd5 Bd6 27. Rc2
Na4 28. Rdc1 Rxc2 29. Rxc2 Be5 30. b4 Rd8 31. Bf3 Kg7 32. g3 h5 33. Rc6 Rd6 34.
Rc8 Bd4 35. Bf4 e5 36. Bg5 Nc3 37. Be7 Rd7 38. Bf8+ Kh7 39. Ra8 Ra7 40. Rxa7
Bxa7 41. Bb7 Nxa2 42. Bc5 Bxc5 43. bxc5 Nb4 44. c6 Nd5 45. Bxa6 Nc7 46. Bc8 b4
0-1

[Event "286th YMCA Spring A"]
[Site "Warsaw"]
[Date "2024.06.06"]
[Round "8"]
[White "Rudolf, Michal"]
[Black "Polak, Michal"]
[Result "1-0"]
[WhiteElo "2268"]
[BlackElo "1952"]
[PlyCount "81"]
[EventDate "2024.04.10"]
[EventType "tourn"]
[EventRounds "1"]
[EventCountry "POL"]
[SourceDate "2024.04.10"]

1. d4 Nf6 2. c4 e6 3. Nf3 b6 4. g3 Ba6 5. Qc2 Bb4+ 6. Bd2 Be7 7. e4 d5 8. cxd5
exd5 9. Bxa6 Nxa6 10. Qa4+ Qd7 11. Qxa6 dxe4 12. Ne5 Qxd4 13. Qb5+ Kf8 14. O-O
a6 15. Qc6 Rd8 16. Bc3 Qc5 17. b4 Qxc6 18. Nxc6 Rd3 19. Ne5 Rd5 20. Nd2 Kg8 21.
Nc6 Bf8 22. Bxf6 Rxd2 23. Be5 h5 24. Bxc7 Rd7 25. Bf4 h4 26. Rfd1 Rb7 27. Rd8
f6 28. Rad1 Kh7 29. Re8 g5 30. Be3 Rc7 31. Re6 hxg3 32. hxg3 Kg6 33. Bd4 Bg7
34. Bxb6 Rb7 35. Bc5 Bf8 36. Bxf8 Rbh7 37. Kf1 Rxf8 38. Rxe4 Kf5 39. g4+ Kxe4
40. Ke2 f5 41. Rd4# 1-0